Statistics for Every Car, Truck, Van, Brand

Click here to take the quiz!

General Stats

  • This quiz has been taken 39 times
  • The average score is 46 of 157

Answer Stats

Brand% Correct
Ford
89%
Toyota
86%
Dodge
82%
BMW
79%
Ferrari
79%
Mercedes Benz
79%
Lamborghini
75%
Volkswagen
75%
Volvo
75%
Ram
71%
Chrysler
68%
General Motors
68%
Honda
68%
Audi
64%
Nissan
64%
Hyundai
61%
Mitsubishi
61%
Acura
57%
Fiat
57%
Lincoln
57%
Bugatti
54%
Cadillac
54%
Chevy
54%
GMC
54%
Jeep
54%
MAZ
54%
Peugeot
54%
Pontiac
54%
Porsche
54%
Rolls Royce
54%
Infiniti
50%
Lexus
50%
Maserati
50%
Renault
50%
Subaru
50%
Tesla
50%
Aston Martin
46%
Bentley
46%
Citroen
46%
Mazda
46%
Saab
46%
Scania
46%
SEAT
46%
Buick
43%
Kia
43%
Lada
43%
McLaren
43%
Oldsmobile
43%
Opel
43%
Peterbilt
43%
Tata
43%
Alfa Romeo
39%
Jaguar
39%
Mercury
39%
Pagani
39%
Dacia
36%
Holden
36%
Saturn
36%
Studebaker
36%
Hummer
32%
MAN
32%
Mini
32%
Suzuki
32%
Alpine
29%
Daewoo
29%
Daihatsu
29%
Daimler
29%
Geely
29%
Genesis
29%
Lancia
29%
Lotus
29%
Smart
29%
Vauxhall
29%
Alpina
25%
Ariel
25%
Ascari
25%
Corvette
25%
Datsun
25%
DS
25%
International
25%
Kenworth
25%
Maybach
25%
MG
25%
Abarth
21%
Caterham
21%
Isuzu
21%
Rivian
21%
Saleen
21%
Fisker
18%
Freightliner
18%
Hennessey
18%
Lucid
18%
Pininfarina
18%
Polestar
18%
Range Rover
18%
Rover
18%
Spyker
18%
Sterling
18%
TVR
18%
Arrival
14%
BAC
14%
Brabus
14%
BYD
14%
Hino
14%
NIO
14%
Noble
14%
Rimac
14%
Ssangyong
14%
Tatra
14%
Western Star
14%
Zenvo
14%
Apollo
11%
Duesenburg
11%
Gumpert
11%
Mustang
11%
Rezvani
11%
ABT
7%
Bertone
7%
DeSoto
7%
De Tomaso
7%
Faraday Future
7%
Great Wall
7%
Navistar
7%
Packard
7%
RUF
7%
SSC
7%
Trion
7%
Tucker
7%
Vencer
7%
9ff
4%
Arash
4%
Arrinera
4%
Artega
4%
Eicher
4%
Elemental
4%
Geo
4%
Ginetta
4%
KTM
4%
Lagonda
4%
Mazzanti
4%
Mercedes AMG
4%
Mosler
4%
Paccar
4%
Panoz
4%
Rossion
4%
Suffolk
4%
Tramontana
4%
Vector
4%
VLF
4%
Wey
4%
Devel Sixteen
0%
IC Bus
0%
IH
0%
Laraki
0%
SAIC Motor
0%
Spania GTA
0%
VinFast
0%

Score Distribution

Percentile by Number Answered

Percent of People with Each Score

Your Score History

You have not taken this quiz